The language of real estate appraisal

Bibliographic Details
Main Authors: Fisher, Jeffrey D. (Author), Martin, Robert S. (Author), Mosbaugh, Paige (Author)
Format: Book
Language:English
Published: Chicago : Real Estate Education Company 1991
Subjects:

MARC

LEADER 00000cam a2200000 7i4500
001 0000003003
005 20240912.0
008 240611 ilu eng
020 |a 088462983x 
040 |a INS   |b eng   |e rda 
090 0 0 |a RHD1387   |b .F53 1991 
100 1 |a Fisher, Jeffrey D. ,   |e author 
245 1 4 |a The language of real estate appraisal   |c Jeffrey D. Fisher, Robert S. Martin, Paige Mosbaugh 
264 1 |a Chicago :   |b Real Estate Education Company   |c 1991 
300 |a viii, 290 pages ;   |c 23 cm. 
336 |a text  |2 rdacontent 
337 |a unmediated  |2 rdamedia 
338 |a volume  |2 rdacarrier 
650 0 |a Real property   |x Valuation   |x Terminology 
700 1 |a Martin, Robert S. ,   |e author 
700 1 |a Mosbaugh, Paige ,   |e author 
999 |a 0000004166   |b BOOK   |c Red Spot   |e Default branch